|
|
|
|
| LEADER |
01641nam a22003737a 4500 |
| 001 |
37064 |
| 003 |
BD-DhAAL |
| 005 |
20200219120829.0 |
| 008 |
200219t2017 nyua 000 1 eng d |
| 999 |
|
|
|c 41968
|d 41968
|
| 010 |
|
|
|a 2017002473
|
| 020 |
|
|
|a 9781473681286
|
| 020 |
|
|
|a 9781501163401 (hardcover)
|
| 020 |
|
|
|a 9781501163418 (paperback)
|
| 020 |
|
|
|z 9781501163425 (ebook)
|
| 040 |
|
|
|a DLC
|b eng
|c DLC
|e rda
|d DLC
|d BD-DhAAL
|
| 042 |
|
|
|a pcc
|
| 050 |
0 |
0 |
|a PS3561.I483
|b S56 2017
|
| 082 |
0 |
0 |
|a 813.6
|2 23
|
| 100 |
1 |
|
|a King, Stephen,
|d 1947-
|9 39360
|
| 245 |
1 |
0 |
|a Sleeping beauties /
|c Stephen King and Owen King.
|
| 260 |
|
|
|a London :
|b Hodder & Stoughton,
|c 2018
|
| 300 |
|
|
|a xiv, 718 pages :
|a illustrations ;
|c 25 cm
|
| 526 |
|
|
|a AAL
|
| 541 |
|
|
|a Hye Trade International
|e 37064, 37065
|
| 650 |
|
|
|a FICTION / Thrillers / General.
|9 39361
|
| 650 |
|
|
|a Horror tales.
|9 39362
|
| 650 |
|
|
|a FICTION / Thrillers / Suspense.
|9 39363
|
| 700 |
1 |
|
|a King, Owen
|9 39364
|
| 776 |
0 |
8 |
|i Online version:
|a King, Stephen, 1947-, author.
|t Sleeping beauties
|b First Scribner hardcover edition.
|d New York : Scribner, 2017
|z 9781501163425
|w (DLC) 2017006742
|
| 852 |
|
|
|a Ayesha Abed Library
|c General Stacks
|
| 942 |
|
|
|2 ddc
|c BK
|
| 952 |
|
|
|0 0
|1 0
|2 ddc
|4 0
|6 813_600000000000000_KIN
|7 0
|9 67856
|a BRACUL
|b BRACUL
|c GEN
|d 2020-02-06
|e Hye Trade International
|g 499.00
|l 13
|m 71
|o 813.6 KIN
|p 3010037064
|r 2026-01-12
|s 2026-01-05
|t 1
|v 499.00
|w 2020-02-06
|y BK
|
| 952 |
|
|
|0 0
|1 0
|2 ddc
|4 0
|6 813_600000000000000_KIN
|7 0
|9 67857
|a BRACUL
|b BRACUL
|c GEN
|d 2020-02-06
|e Hye Trade International
|g 499.00
|l 11
|m 44
|o 813.6 KIN
|p 3010037065
|r 2025-10-15
|s 2025-09-18
|t 2
|v 499.00
|w 2020-02-06
|y BK
|